00396nam a2200145Ia 4500008004100000020001500041041001200056082001600068100001700084245008100101260002500182300000800207650001600215700001900231221030s9999 xx 000 0 und d a0074632930 aEnglish a105.23bNew aW. M. Newman 0aPrinciples of Interactive Computer Graphicscby W. M. Newman, R. F. Sproull. bTMHaNew Delhic1999 a541 aBE Computer aR. F. Sproull.